000 00856nam a2200277 4500
003 OSt
005 20240607061413.0
006 a
008 240607b |||||||| |||| 00| 0 eng d
020 _a9780470427378
040 _aDWCL-Main lib.
_cOC
082 _2second edition
_aCirc. 006.696 M958i 2011
100 _aMullen, Tony
245 _aIntroducing character animation with Blender /
250 _asecond edition
260 _aIndianopolis, Indiana :
_bWiley,
_cc2011.
300 _axxvi,
_b451 p. : ill. ;
_c23 cm.
504 _aIncludes index.
650 _a1. Blender (Computer file).
650 _a 2. Computer animation.
650 _a3. Three-dimensional display systems.
650 _a4. Computer graphics.
650 _a5. Computers (Image processing).
700 _aTony Mullen
942 _2ddc
_n0
_cBK-CIRC
_esecond edition
_kCirc.
999 _c357
_d357